Kurs teoretičeskoj astrofiziki /

Uložené v:
Podrobná bibliografia
Hlavný autor: Sobolev, Viktor Viktorovič (Author)
Médium: Kniha
Jazyk:Russian
Vydané: Moskva : Nauka, 1967.
Vydanie:1. izd.
ISBN: (viaz.)
Fyzický popis: 528 s. : il.
Tagy: Pridať tag
Žiadne tagy, Buďte prvý kto otaguje tento záznam!

MARC

LEADER 00000cam a22000007a 4500
001 000123921
005 20100127230629.0
008 981007s1967 ru rus d
020 |a (viaz.) 
040 |a SVKKK  |b slo  |c SVKKK  |e AACR2 
041 0 |a rus 
044 |a ru  |c RU 
100 1 |a Sobolev, Viktor Viktorovič  |4 aut 
245 1 0 |a Kurs teoretičeskoj astrofiziki /  |c Viktor Viktorovič Sobolev. 
250 |a 1. izd. 
260 |a Moskva :  |b Nauka,  |c 1967. 
300 |a 528 s. :  |b il. 
910 |a svkkk 
998 |a BK 
090 |g SCKHL  |k Sklad Pribinova 2. posch.  |a III.94096  |j 400437  |i 123921-10  |4 Zastaraná  |s Vyradená